| 000 | 01309cam a22003734a 4500 | ||
|---|---|---|---|
| 001 | 12823269 | ||
| 003 | ost | ||
| 005 | 20140310184505.0 | ||
| 008 | 020619s2004 nyua b 000 0 eng | ||
| 010 | _a 2002009526 | ||
| 020 | _a0439711207 | ||
| 020 | _a9780439711203 | ||
| 040 |
_aDLC _cDLC _dDLC |
||
| 042 |
_apcc _alcac |
||
| 050 | 0 | 0 |
_aQC 921.35 _b.B38 2005 |
| 100 | 1 |
_aBauer, Marion Dane. _95188 |
|
| 245 | 1 | 0 |
_aClouds / _cwritten by Marion Dane Bauer ; illustrated by John Wallace. |
| 250 | _a1st Aladdin Paperbacks ed. | ||
| 260 |
_aNew York : _bAladdin, _c2005 |
||
| 300 |
_a32 p. : _bcol. ill. ; _c23 cm. |
||
| 440 | 0 |
_aReady-to-read _928882 |
|
| 520 | _aIllustrations and simple text explain three types of clouds, stratus, cumulus, and cirrus. | ||
| 521 | _aG1 | ||
| 526 | _c240 | ||
| 562 | _e1 | ||
| 650 | 0 |
_aClouds _vJuvenile literature. _928883 |
|
| 650 | 1 |
_aClouds. _928884 |
|
| 700 | 1 |
_aWallace, John, _d1966- _eill. _928885 |
|
| 856 | 4 | 2 |
_3Publisher description _uhttp://www.loc.gov/catdir/description/simon052/2002009526.html |
| 906 |
_a7 _bcbc _corignew _d1 _eecip _f20 _gy-gencatlg |
||
| 942 |
_2lcc _cBK-SCHOLAS |
||
| 999 |
_c34816 _d34816 |
||